ბათუმის შოთა რუსთაველის სახელმწიფო უნივერსიტეტის ბიბლიოთეკა

Юридическая психология (ბიბ.ჩანაწერი № 35006)

000 -LEADER
fixed length control field 00803nam a2200265Ia 4500
001 - CONTROL NUMBER
control field 844
003 - CONTROL NUMBER IDENTIFIER
control field GE_BSU
008 - FIXED-LENGTH DATA ELEMENTS--GENERAL INFORMATION
fixed length control field 181216s||||||||xx |||||||||||||| ||und||
020 ## - INTERNATIONAL STANDARD BOOK NUMBER
International Standard Book Number 5804601504
040 ## - CATALOGING SOURCE
Transcribing agency GE_BSU
080 ## - UNIVERSAL DECIMAL CLASSIFICATION NUMBER
Universal Decimal Classification number 159.9(075.8):34(075.8)
100 ## - MAIN ENTRY--PERSONAL NAME
Personal name Васильев,В.Л.
245 ## - TITLE STATEMENT
Title Юридическая психология
245 ## - TITLE STATEMENT
Remainder of title Уч-к для студ.по спец. "юриспруденция". Серия "учебник нового века
250 ## - EDITION STATEMENT
Edition statement 3-е доп. и перераб.
260 ## - PUBLICATION, DISTRIBUTION, ETC.
Place of publication, distribution, etc. СПБ
260 ## - PUBLICATION, DISTRIBUTION, ETC.
Name of publisher, distributor, etc. Питер
260 ## - PUBLICATION, DISTRIBUTION, ETC.
Date of publication, distribution, etc. 2000
300 ## - PHYSICAL DESCRIPTION
Extent 624стр.
653 ## - INDEX TERM--UNCONTROLLED
Uncontrolled term Юридическая психология
653 ## - INDEX TERM--UNCONTROLLED
Uncontrolled term Юриспруденция
653 ## - INDEX TERM--UNCONTROLLED
Uncontrolled term ფსიქოლოგია
942 ## - ADDED ENTRY ELEMENTS (KOHA)
Koha item type წიგნი
ეგზემპლარები
Withdrawn status Lost status Damaged status Not for loan Date acquired Barcode Date last seen Price effective from Koha item type Public note
        2018-12-17 1157 2018-12-17 2018-12-17 წიგნი დარბაზი